1688 1652 1936 1178 1753 1669 1800 1547 1939 1731 1850 1057 1634 1901 1672 1216 1804 1097 1876 1764 1667 1100 1540 1214 1794 1863 1575 1577 1860 1534 1362 1892 1618 1906 1265 1121 1102 1397 1869 1120 1556 1306 1902 1339 1359 1293 1623 1888 1174 1734 1464 1371 1076 1208 1379 1607 1311 1066 1796 1975 1279 1877 1453 1143 1559 1067 1732 1588 1205 1753 1125 1520 1272 1649 1993 1223 1893 1173 1865 1974 1193 1445 1478 1734 1831 1268 1847 1391 1375 1187 1665 1640 1510 1904 1130 1798 1918 1249 1276 BCNSPRNW ULIB Ver.6.0+V

เปลี่ยนเป็นภาษาไทย

Change to English
 แสดงรายละเอียดบรรณานุกรม
  กลับหน้าหลัก

Brief Record : Get Marc (ISO 2709) : E-mail record : QR code < ปิดหน้าต่าง
LEADER : 00000nam 2200000uu 4500
001    13399119993
003     ULIB
008    120821s2553||||th 000 0 tha d
020    ^a 9789740944683
060 04 ^aWY105^bอ792ก
100 0  ^aอุดมรัตน์ สงวนศิริธรรม
245 00 ^aการพัฒนาวิชาชีพการพยาบาล =^bProfessional nursing development/^cอุดมรัตน์ สงวนศิริธรรม
246 31 ^aProfessional nursing development
250    ^aพิมพ์ครั้งที่ 2
260    ^aเชียงใหม่ :^bมหาวิทยาลัยเชียงใหม่,^c2553
300    ^a307 หน้า
650  7 ^aวิชาชีพการพยาบาล
710 2  ^aมหาวิทยาลัยเชียงใหม่
945    ^p300^l0^i19278
995    ^a เกษร
999    ^aใช้งานได้ทุกระบบ
รายการนี้ยังไม่มีแท็ก
คุณยังไม่ได้ล็อกอิน คุณสามารถมีกิจกรรมร่วมกับเว็บไซต์ได้ แต่ต้องล็อกอินก่อน ::
  ล็อกอิน

รายการสื่อสารสนเทศ

ลำดับที่ ประเภท เลขเรียก/บาร์โค้ด สถานที่ สถานะ
1. วิทยาศาสตร์การแพทย์ และสุขภาพ
หนังสือสำรอง
สถานะ=หนังสือสำรอง
WY105 อ792ก ฉ.1 
  Barcode: 19278
ห้องสมุดวิทยาเขตนครสวรรค์
►ส่วนจัดเก็บหนังสือเก่า นว.
บนชั้น
  ขอยืม

รายการใกล้เคียง
    ผู้แต่ง [อุดมรัตน์ สงวนศิริธรรม]

    หัวเรื่อง [วิชาชีพการพยาบาล]

BibComment


ยังไม่เคยถูกคอมเมนท์

คอมเมนท์ทรัพยากรรายการนี้
  คอมเมนท์: การพัฒนาวิชาชีพก..


 Copyright 2026. Bcnsprnw @Library